Dodatki Mapowe do ETS2 - Statystyki

Ogólne statystyki
  • Ten quiz został rozwiązany 20 razy
  • Średni wynik to 8 z 11
Statystyki odpowiedzi
Rok Wydania Mapa % Poprawnych
2015 Scandinavia
94%
2017 Italia
83%
2013 Going East
78%
2021 Iberia
78%
2024 Greece
72%
2018 Beyond the Baltic Sea
67%
2019 Road to the Black Sea
67%
2023 West Balkans
67%
2025 Nordic Horizons
61%
2016 VLF
56%
ukończony - data nieznana Heart of Russia
39%
Nie znaleziono quizów pasujących do podanych kryteriów
Rozkład punktacji
Procent ludzi z każdym wynikiem
Percentyl według liczby udzielonych odpowiedzi
Twoja historia wyników
Nie rozwiązałeś tego quizu